[Event "Olympiad-37"]
[Site "Turin"]
[Date "2006.06.03"]
[Round "12"]
[White "Liiva, Riho"]
[Black "Chuah, Jin Jonathan Hai"]
[Result "1-0"]
[WhiteElo "2411"]
[BlackElo "2216"]
[PlyCount "67"]
[EventDate "2006.05.21"]
[EventType "team-swiss"]
[EventRounds "13"]
[EventCountry "ITA"]
[SourceTitle "CBM 113"]
[Source "ChessBase"]
[SourceDate "2006.07.31"]
[SourceVersion "1"]
[SourceVersionDate "2006.07.31"]
[SourceQuality "1"]
[WhiteTeam "Estonia"]
[BlackTeam "Malaysia"]
[WhiteTeamCountry "EST"]
[BlackTeamCountry "MAS"]

1. e4 c5 2. Nf3 d6 3. d4 cxd4 4. Nxd4 Nf6 5. f3 e6 6. c4 Be7 7. Nc3 0-0 8. Be2 b6 9. 0-0 Bb7 10. Be3 Nbd7 11. Qd2 a6 12. Rfd1 Rc8 13. Rac1 Qc7 14. Bf1 Qb8 15. g4 g6 16. b3 Qa8 17. Bh3 Ne5 18. g5 Nh5 19. f4 Nc6 20. f5 Nxd4 21. Qxd4 exf5 22. exf5 Rc5 23. f6 Bd8 24. Nd5 b5 25. Ne7+ Bxe7 26. fxe7 Re8 27. Qxd6 Rc6 28. Qd8 Ng7 29. Qxa8 Bxa8 30. cxb5 axb5 31. Bd7 Rxe7 32. Bxc6 Bxc6 33. Rxc6 Rxe3 34. Rc8+ 1-0

[Event "Olympiad-37"]
[Site "Turin"]
[Date "2006.05.31"]
[Round "10"]
[White "Antonio, Rogelio Jr"]
[Black "Chuah, Jin Jonathan Hai"]
[Result "1-0"]
[WhiteElo "2539"]
[BlackElo "2216"]
[PlyCount "87"]
[EventDate "2006.05.21"]
[EventType "team-swiss"]
[EventRounds "13"]
[EventCountry "ITA"]
[SourceTitle "CBM 113"]
[Source "ChessBase"]
[SourceDate "2006.07.31"]
[SourceVersion "1"]
[SourceVersionDate "2006.07.31"]
[SourceQuality "1"]
[WhiteTeam "Philippines"]
[BlackTeam "Malaysia"]
[WhiteTeamCountry "PHI"]
[BlackTeamCountry "MAS"]

1. d4 d5 2. Nc3 e6 3. e4 Nf6 4. Bg5 Be7 5. e5 Nfd7 6. h4 a6 7. Qg4 g6 8. 0-0-0 c5 9. dxc5 Nxe5 10. Bxe7 Nxg4 11. Bxd8 Kxd8 12. Nh3 Bd7 13. Be2 Nf6 14. g4 Nc6 15. g5 Ng8 16. Nf4 Nge7 17. Na4 Kc7 18. Nb6 Rad8 19. h5 Nf5 20. c3 Nce7 21. Nxd7 Kxd7 22. Nd3 Nc6 23. Bg4 Nfe7 24. Rh3 Kc7 25. Rdh1 Rhf8 26. hxg6 hxg6 27. f4 d4 28. c4 a5 29. Rh7 Kd7 30. Kd2 Nf5 31. Bf3 Nfe7 32. Bd1 Kc8 33. Ba4 f6 34. gxf6 Rxf6 35. Rg1 Rdf8 36. a3 R8f7 37. Rh8+ Rf8 38. Rgh1 Nd8 39. b4 axb4 40. axb4 Kc7 41. R8h7 Nf7 42. b5 Kb8 43. b6 Nf5 44. Ne5 1-0

[Event "Olympiad-37"]
[Site "Turin"]
[Date "2006.05.28"]
[Round "7"]
[White "Graf, Alexander"]
[Black "Chuah, Jin Jonathan Hai"]
[Result "1-0"]
[WhiteElo "2592"]
[BlackElo "2216"]
[PlyCount "115"]
[EventDate "2006.05.21"]
[EventType "team-swiss"]
[EventRounds "13"]
[EventCountry "ITA"]
[SourceTitle "CBM 113"]
[Source "ChessBase"]
[SourceDate "2006.07.31"]
[SourceVersion "1"]
[SourceVersionDate "2006.07.31"]
[SourceQuality "1"]
[WhiteTeam "Germany"]
[BlackTeam "Malaysia"]
[WhiteTeamCountry "GER"]
[BlackTeamCountry "MAS"]

1. d4 d5 2. c4 e6 3. Nc3 Nf6 4. cxd5 exd5 5. Bg5 Be7 6. e3 b6 7. Qa4+ c6 8. Bd3 Bb7 9. Nf3 Nbd7 10. 0-0 0-0 11. Ne5 b5 12. Qc2 h6 13. Bf4 Nxe5 14. Bxe5 Bd6 15. Bxd6 Qxd6 16. Rac1 a6 17. Ne2 Ng4 18. g3 Nf6 19. Nf4 Rac8 20. Bf5 Rc7 21. Qc5 Qxc5 22. Rxc5 g6 23. Bh3 Re7 24. Nd3 Ne4 25. Rc2 f5 26. Rfc1 Rf6 27. Bg2 Rd6 28. a4 Kg7 29. Nb4 Ree6 30. Ra1 Nf6 31. axb5 axb5 32. Ra7 Rd7 33. Nd3 Ree7 34. Nc5 Rc7 35. Nxb7 Rxb7 36. Rxb7 Rxb7 37. Rxc6 Ra7 38. Bf1 Ra2 39. Bxb5 Rxb2 40. Ba4 Rb4 41. Bc2 Rc4 42. Rxc4 dxc4 43. Kf1 Kf7 44. Ke2 Ke6 45. f3 Kd5 46. Kd2 Kc6 47. e4 fxe4 48. Bxe4+ Kb5 49. Bxg6 Kb4 50. Bf7 Kb3 51. g4 Nd7 52. h4 Nb6 53. g5 hxg5 54. hxg5 Kb2 55. Bxc4 Nxc4+ 56. Kd3 Nd6 57. g6 Ne8 58. d5 1-0

[Event "Olympiad-37"]
[Site "Turin"]
[Date "2006.05.25"]
[Round "5"]
[White "Chuah, Jin Jonathan Hai"]
[Black "Genocchio, Daniele"]
[Result "1-0"]
[WhiteElo "2216"]
[BlackElo "2340"]
[PlyCount "91"]
[EventDate "2006.05.21"]
[EventType "team-swiss"]
[EventRounds "13"]
[EventCountry "ITA"]
[SourceTitle "CBM 113"]
[Source "ChessBase"]
[SourceDate "2006.07.31"]
[SourceVersion "1"]
[SourceVersionDate "2006.07.31"]
[SourceQuality "1"]
[WhiteTeam "Malaysia"]
[BlackTeam "Italy II"]
[WhiteTeamCountry "MAS"]
[BlackTeamCountry "ITA"]

1. e4 c5 2. Nf3 Nc6 3. d4 cxd4 4. Nxd4 Nf6 5. Nc3 e5 6. Ndb5 d6 7. Bg5 a6 8. Bxf6 gxf6 9. Na3 f5 10. Bd3 Bg7 11. Nc4 b5 12. Ne3 Ne7 13. exf5 d5 14. f6 Bxf6 15. Qf3 Bg7 16. Ncxd5 Nxd5 17. Nxd5 0-0 18. Ne3 Ra7 19. 0-0 Qf6 20. Bf5 Be6 21. Qe4 Rc7 22. Bxh7+ Kh8 23. c3 Bh6 24. Bf5 Bf4 25. g3 Rg8 26. Kh1 Bg5 27. Bxe6 Qxe6 28. Rad1 f6 29. f4 Bh6 30. fxe5 fxe5 31. Nf5 Bf8 32. Rd5 Rg5 33. Rxe5 Qc6 34. Qxc6 Rxc6 35. h4 Rg4 36. Ne3 Rg8 37. Rh5+ Rh6 38. Rxh6+ Bxh6 39. Nf5 Bf8 40. Kg2 Bc5 41. Re1 Rd8 42. Re2 Rd1 43. g4 Kg8 44. b4 Bb6 45. Re6 Bd8 46. g5 1-0

[Event "Olympiad-37"]
[Site "Turin"]
[Date "2006.05.22"]
[Round "2"]
[White "Ustariz, Carlos"]
[Black "Chuah, Jin Jonathan Hai"]
[Result "0-1"]
[WhiteElo "2050"]
[BlackElo "2216"]
[PlyCount "56"]
[EventDate "2006.05.21"]
[EventType "team-swiss"]
[EventRounds "13"]
[EventCountry "ITA"]
[SourceTitle "CBM 113"]
[Source "ChessBase"]
[SourceDate "2006.07.31"]
[SourceVersion "1"]
[SourceVersionDate "2006.07.31"]
[SourceQuality "1"]
[WhiteTeam "Honduras"]
[BlackTeam "Malaysia"]
[WhiteTeamCountry "HON"]
[BlackTeamCountry "MAS"]

1. d4 d5 2. c4 e6 3. Nc3 Nf6 4. Nf3 Be7 5. e3 b6 6. Bd3 Bb7 7. 0-0 Nbd7 8. cxd5 exd5 9. b3 0-0 10. Bb2 a6 11. Rc1 Bd6 12. Qc2 Qe7 13. Ng5 g6 14. h3 h6 15. Nf3 Ne4 16. Nd2 f5 17. Nf3 g5 18. Ne2 Rac8 19. Ne5 Nxe5 20. dxe5 Bxe5 21. Rfd1 c5 22. a4 Nd6 23. Ba3 g4 24. hxg4 fxg4 25. g3 Qg5 26. Nf4 Rf7 27. Qe2 d4 28. Bxa6 Bf3 0-1

[Event "Olympiad-35"]
[Site "Bled"]
[Date "2002.10.26"]
[Round "1.4"]
[White "Sakalauskas, Vaidas"]
[Black "Chuah, Jin Jonathan Hai"]
[Result "1-0"]
[WhiteElo "2450"]
[BlackElo "2199"]
[PlyCount "63"]
[EventDate "2002.10.26"]
[EventType "team-swiss"]
[EventRounds "14"]
[EventCountry "SLO"]
[SourceTitle "EXT 2003"]
[Source "ChessBase"]
[SourceDate "2002.11.25"]
[SourceVersion "1"]
[SourceVersionDate "2002.11.25"]
[SourceQuality "1"]
[WhiteTeam "Lithuania"]
[BlackTeam "Malaysia"]
[WhiteTeamCountry "LTU"]
[BlackTeamCountry "MAS"]

1. d4 Nf6 2. c4 e6 3. Nc3 d5 4. cxd5 exd5 5. Bg5 Be7 6. e3 c6 7. Bd3 h6 8. Bf4 Bd6 9. Nge2 Qe7 10. Qc2 Bg4 11. f3 Bxf4 12. exf4 Bd7 13. 0-0-0 0-0 14. Kb1 Kh8 15. g4 Qd6 16. h4 c5 17. dxc5 Qxc5 18. g5 Ng8 19. Bf5 Bxf5 20. Qxf5 Ne7 21. Qd3 Nbc6 22. gxh6 gxh6 23. Nxd5 Nxd5 24. Qxd5 Qxd5 25. Rxd5 Rfe8 26. Nc3 Re3 27. Rd7 Rxf3 28. Rxf7 Rd8 29. Rg1 Nb4 30. a3 Nd3 31. Ne4 Rg8 32. Rh7+ 1-0

[Event "Asia Cities-ch 13th"]
[Site "Aden"]
[Date "2002.02.07"]
[Round "1"]
[White "Ghorbani, Mohsen"]
[Black "Chuah, Jin Jonathan Hai"]
[Result "1-0"]
[WhiteElo "2321"]
[BlackElo "2224"]
[PlyCount "79"]
[EventDate "2002.02.07"]
[EventType "team-swiss"]
[EventRounds "9"]
[EventCountry "YEM"]
[SourceTitle "EXT 2020"]
[Source "ChessBase"]
[SourceDate "2019.10.17"]
[SourceVersion "1"]
[SourceVersionDate "2019.10.17"]
[SourceQuality "1"]
[WhiteTeam "Tehran"]
[BlackTeam "Kuala Lumpur"]
[WhiteTeamCountry "IRI"]
[BlackTeamCountry "MAS"]

1. d4 Nf6 2. c4 e6 3. Nf3 d5 4. g3 b6 5. Bg2 Bb7 6. cxd5 Bxd5 7. Nc3 Bb7 8. 0-0 Be7 9. Qa4+ Bc6 10. Qc2 0-0 11. Bf4 Bd6 12. Bd2 Nbd7 13. e4 e5 14. Rad1 Qe7 15. Rfe1 Bb7 16. Nb5 a6 17. Nxd6 cxd6 18. Qb1 Ne8 19. dxe5 Nxe5 20. Nd4 g6 21. Bc3 b5 22. Ne2 a5 23. Nf4 b4 24. Bd4 Nc7 25. Nd5 Nxd5 26. exd5 Qd7 27. f4 Ng4 28. h3 Nh6 29. g4 Rfe8 30. f5 Kf8 31. Qc1 Ng8 32. Qf4 Rxe1+ 33. Rxe1 Re8 34. Re6 Rxe6 35. dxe6 Qc7 36. Bxb7 Qxb7 37. Qxd6+ Ke8 38. Bb6 Qc8 39. Bc5 fxe6 40. fxe6 1-0

[Event "Wah Seong IM"]
[Site "Penang"]
[Date "2000.03.02"]
[Round "6"]
[White "Myo, Naing"]
[Black "Chuah, Jin Jonathan Hai"]
[Result "1-0"]
[WhiteElo "2545"]
[BlackElo "2271"]
[PlyCount "59"]
[EventDate "2000.02.26"]
[EventType "tourn"]
[EventRounds "9"]
[EventCountry "MAS"]
[EventCategory "5"]
[SourceTitle "CBM 074 Extra"]
[Source "ChessBase"]
[SourceDate "2000.03.10"]
[SourceVersion "2"]
[SourceVersionDate "2000.03.10"]
[SourceQuality "1"]

1. d4 Nf6 2. c4 e6 3. Nc3 d5 4. cxd5 exd5 5. Bg5 Be7 6. e3 h6 7. Bh4 c6 8. Bd3 Qb6 9. Qc2 0-0 10. Nge2 Na6 11. a3 Qa5 12. 0-0 b5 13. e4 g5 14. Bg3 Be6 15. e5 Nh5 16. f4 Nxg3 17. Nxg3 Qb6 18. Nce2 gxf4 19. Nh5 c5 20. Rxf4 Bg5 21. Nf6+ Bxf6 22. Rxf6 Kg7 23. Qd2 Rh8 24. Nf4 Nc7 25. Rf1 c4 26. Bb1 h5 27. Qf2 h4 28. Nxe6+ Nxe6 29. Rxf7+ Kg8 30. Rg7+ 1-0

[Event "Wah Seong IM"]
[Site "Penang"]
[Date "2000.02.27"]
[Round "2"]
[White "Chuah, Jin Jonathan Hai"]
[Black "Mok, Tze Meng"]
[Result "0-1"]
[WhiteElo "2271"]
[BlackElo "2270"]
[PlyCount "80"]
[EventDate "2000.02.26"]
[EventType "tourn"]
[EventRounds "9"]
[EventCountry "MAS"]
[EventCategory "5"]
[SourceTitle "CBM 074 Extra"]
[Source "ChessBase"]
[SourceDate "2000.03.10"]
[SourceVersion "2"]
[SourceVersionDate "2000.03.10"]
[SourceQuality "1"]

1. e4 Nf6 2. e5 Nd5 3. d4 d6 4. exd6 cxd6 5. Nf3 g6 6. c4 Nb6 7. b3 Bg7 8. Bb2 Nc6 9. Be2 Bg4 10. Nbd2 d5 11. c5 Nd7 12. Rc1 0-0 13. 0-0 Qc7 14. Re1 b6 15. Ba3 bxc5 16. Bxc5 Nxc5 17. Rxc5 Qd6 18. Rc1 Rac8 19. Ba6 Rb8 20. Be2 Rfc8 21. Ba6 Re8 22. Be2 Bf5 23. Nf1 Be4 24. Ne3 Bxf3 25. Bxf3 e6 26. Nc2 Qf4 27. g3 Qf6 28. Qd3 Rec8 29. Kg2 Nxd4 30. Nxd4 Qxd4 31. Qa6 Rxc1 32. Rxc1 Bf8 33. Rc2 e5 34. Qf6 Rb6 35. Qd8 e4 36. Be2 Rf6 37. Bf1 Kg7 38. Qc8 Bb4 39. Re2 Bc5 40. Re3 Rxf2+ 0-1